Statistics for Wizard 101 Teachers

Click here to take the quiz!

General Stats

  • This quiz has been taken 24 times
  • The average score is 7 of 12

Answer Stats

HintAnswer% Correct
Myth teacherCyrus Drake
92%
Headmaster of RavenwoodMerle Ambrose
85%
Storm TeacherHalston Balestrom
77%
Old Death TeacherMalistaire Drake
77%
Life teacherMoolinda Wu
77%
Death TeacherDworgyn
62%
Ice TeacherLydia Greyrose
54%
Old life TeacherSylvia Drake
54%
Balance TeacherAlhazred
38%
Fire TeacherDalia Falmea
38%
Death Assistant TeacherMalorn Ashthorn
31%
Balance Assistant TeacherArthur Wethersfield
15%

Score Distribution

Percentile by Number Answered

Percent of People with Each Score

Your Score History

You have not taken this quiz